Management and cost accounting

Saved in:
书目详细资料
主要作者: Drury, Colin
格式: 图书
出版: London : Chapman & Hall, ©1992
版:3rd ed.
主题:
标签: 添加标签
没有标签, 成为第一个标记此记录!

MARC

LEADER 00000nam a2200000 4500
020 |a 0412463903 
040 |a MUL  |b eng  |e AACR 
082 |a 658.1511 DRU 
100 |a Drury, Colin 
245 |a Management and cost accounting  |c / Colin Drury 
250 |a 3rd ed. 
260 |a London :  |b Chapman & Hall,  |c ©1992 
300 |a  xxiv, 874p. :  |b ill.;  |c 27 cm 
504 |a Include index 
546 |a eng 
650 |a Managerial accounting 
650 |a Manufacturing systems  
650 |a Management Accounting 
942 |c BK 
999 |c 4641  |d 4641